|
|
|
|
| LEADER |
01397nam a2200337 a 4500 |
| 001 |
AAL1435 |
| 003 |
BD-DhAAL |
| 005 |
20160210174213.0 |
| 008 |
150212s1990 cou b 001 0 eng |
| 010 |
|
|
|a 90034410
|
| 020 |
|
|
|a 0813309174
|
| 040 |
|
|
|a DLC
|c DLC
|d DLC
|d BD-DhAAL
|
| 050 |
0 |
0 |
|a BP173.25
|b .T528 1990
|
| 082 |
0 |
0 |
|a 306.6/97
|2 20
|
| 999 |
|
|
|c 33677
|d 33677
|
| 999 |
|
|
|c 33677
|
| 100 |
1 |
|
|a Tibi, Bassam.
|9 8330
|
| 240 |
1 |
0 |
|a Islam und das Problem der kulturellen Bewältigung sozialen Wandels.
|l English
|
| 245 |
1 |
0 |
|a Islam and the cultural accommodation of social change /
|c Bassam Tibi ; translated by Clare Krojzl.
|
| 260 |
|
|
|a Boulder, Colo. :
|b Westview Press,
|c 1990.
|
| 300 |
|
|
|a xiv, 272 p. ;
|c 24 cm.
|
| 500 |
|
|
|a Translation of: Der Islam und das Problem der kulturellen Bewältigung sozialen Wandels.
|
| 500 |
|
|
|a "This translation has been revised and updated from the German original"--T.p. verso.
|
| 504 |
|
|
|a Includes bibliographical references (p. 243-262) and indexes.
|
| 541 |
|
|
|e 1435
|
| 650 |
|
0 |
|a Islamic sociology.
|9 8331
|
| 650 |
|
0 |
|a Islam
|y 20th century.
|9 7880
|
| 650 |
|
0 |
|a Islamic civilization.
|9 6792
|
| 651 |
|
0 |
|a Islamic countries
|x Social conditions.
|9 8332
|
| 942 |
|
|
|2 ddc
|c BK
|
| 952 |
|
|
|0 0
|1 0
|2 ddc
|4 0
|6 306_697000000000000_TIB
|7 0
|9 52604
|a SCL
|b SCL
|c GEN
|d 2015-02-12
|e Gift: The Asia Foundation
|l 0
|o 306.697 TIB
|p 3020001435
|r 2015-02-12
|t 1
|w 2015-02-12
|y BK
|